Perspectivas actuales de los Sujetos de Derecho

Detalles Bibliográficos
Autor principal: Vacas Fernǹdez, Fľix
Otros Autores: Barranco Avilš, Mara̕ del Carmen
Formato: eBook
Lenguaje:español
Publicado: Madrid : Dykinson, 2012
Materias:
Acceso en línea:http://www.vlex.com/source/6983

MARC

LEADER 00000nam a22000007a 4500
005 20130221162219.0
007 cr|||| ||||
008 130221e2012 sp |||||s|||| 00||0 spa d
020 |a 978-84-9031-226-1 
035 |a 6983 
040 |a vLex 
090 |c 3697  |d 3697 
100 1 0 |a Vacas Fernǹdez, Fľix  
245 1 0 |a Perspectivas actuales de los Sujetos de Derecho  |h [Recurso electrn̤ico] 
256 |a Servicio en ln̕ea 
260 |a Madrid :  |b Dykinson,   |c 2012 
300 |a 1 Recurso en ln̕ea 
650 0 4 |a Sujetos del Derecho 
650 0 4 |a Derecho civil 
700 1 0 |a Barranco Avilš, Mara̕ del Carmen 
740 |a vLex Libros (Servicio en ln̕ea) 
856 |a Acceso restringido  |u http://www.vlex.com/source/6983 
942 |c BOOK 
999 0 |a Law